Normal view
MARC view
Entry Personal Name
001 - CONTROL NUMBER
- control field: 83658
003 - CONTROL NUMBER IDENTIFIER
- control field: OSt
005 - DATE AND TIME OF LATEST TRANSACTION
- control field: 20260206115809.0
008 - FIXED-LENGTH DATA ELEMENTS
- fixed length control field: 260206|| aca||aabn | a|a d
040 ## - CATALOGING SOURCE
- Original cataloging agency: OSt
- Transcribing agency: OSt
100 ## - HEADING--PERSONAL NAME
- Personal name: जनमेजय , प्रेम
670 ## - SOURCE DATA FOUND
- Source citation: Work cat.: (OSt)68605: जनमेजय , प्रेम , उत्कृष्ट व्यंग्य रचनाऍ भाग -2, 2017









